| 000 | 00625nam a2200193 a 4500 | ||
|---|---|---|---|
| 005 | 20220819122506.0 | ||
| 008 | 050523s2004 000 eng d | ||
| 020 | _a9701509676 | ||
| 035 | _aUPN01000144713 | ||
| 049 | _aCG | ||
| 050 | 4 |
_aTR897.7 _b07.7 |
|
| 100 | 1 | _aOrós Cabello, José Luis | |
| 245 | 1 | 0 |
_a3ds Max 5 : _bcurso práctico de aprendizaje / _cJosé Luis Orós Cabello. |
| 260 |
_aMéxico : _bAlfaomega : _bRa-Ma, _cc2004. |
||
| 300 |
_axxxi, 604 p. : _bil. + _e1 CD-ROM ; 4 3/4 plg. |
||
| 650 | 4 |
_a3D STUDIO (PROGRAMA PARA COMPUTADORA) _9245 |
|
| 650 | 7 |
_aAnimación por computadora _2 _91049 |
|
| 905 | _aLibro | ||
| 999 |
_c116860 _d116860 |
||